Asia Without Sporcle Quiz Stats

 Plays Quiz Updated Oct 15, 2018

Score 0/49 Timer 04:00
0 Plays Today
Hint Country % Correct
IndiaIndia
90.8%
BhutanBhutan
90.5%
KuwaitKuwait
90.5%
TaiwanTaiwan
90.4%
Afghani _ tanAfghanistan
89.9%
Tu _ k _ yTurkey
89.4%
Thai _ andThailand
89.4%
I _ aqIraq
89.3%
_ hinaChina
89.2%
N _ _ th K _ _ _ aNorth Korea
89.1%
Vi _ tnamVietnam
89.1%
Qata _Qatar
89%
J _ _ danJordan
89%
Ma _ ay _ iaMalaysia
88.8%
_ audi A _ abiaSaudi Arabia
88.8%
Y _ m _ nYemen
88.8%
Ind _ n _ _ iaIndonesia
88.6%
I _ anIran
88.6%
G _ _ _ giaGeorgia
88.6%
Ja _ anJapan
88.5%
_ _ uth  K _ _ _ aSouth Korea
88.5%
Myanma _Myanmar
88.4%
Bang _ ad _ _ hBangladesh
88.3%
Uzb _ ki _ tanUzbekistan
88%
M _ ng _ _ iaMongolia
87.8%
Hint Country % Correct
_ manOman
87.8%
Kazakh _ tanKazakhstan
87.8%
Unit _ d A _ ab _ mi _ at _ _United Arab Emirates
87.6%
Bah _ ainBahrain
87.3%
_ aki _ tanPakistan
87.3%
Tajiki _ tanTajikistan
87.2%
A _ m _ niaArmenia
87%
Ma _ div _ _Maldives
86.4%
_ _ i _ ankaSri Lanka
85.8%
_ amb _ diaCambodia
85.7%
Tu _ km _ ni _ tanTurkmenistan
85.2%
Az _ _ baijanAzerbaijan
84.5%
Ky _ gyz _ tanKyrgyzstan
83.8%
B _ un _ iBrunei
81.7%
_ y _ iaSyria
81.2%
Tim _ _-_ _ _ t _Timor-Leste
73.2%
_ inga _ _ _ _Singapore
70.1%
_ _ ban _ nLebanon
69.5%
N _ _ a _Nepal
68.8%
_ u _ _ iaRussia
59.8%
_ a _ _Laos
57.7%
I _ _ a _ _Israel
55.6%
_ hi _ i _ _ in _ _Philippines
53.6%
_ a _ _ _ tin _Palestine
47.4%

You're not logged in!

Compare scores with friends on all Sporcle quizzes.
OR
Log In

Show Comments

Extras

Top Quizzes Today


Score Distribution

Your Account Isn't Verified!

In order to create a playlist on Sporcle, you need to verify the email address you used during registration. Go to your Sporcle Settings to finish the process.

Report this User

Report this user for behavior that violates our Community Guidelines.

Details: